000 01140nam a22002657a 4500
005 20240530110912.0
008 171026s2008 ua a g b 000 0 ara d
017 _a2007/24085
_bمصر. دار الكتب
020 _a9772326019
040 _aEG-CaGPL
_cEG-CaGPL
082 0 4 _221
_a378.106 /
_bم ت
100 0 _aمحمد عبدالسلام حامد
245 1 0 _aتمويل التعليم الجامعى واتجاهاتة المعاصرة /
_cمحمد عبدالسلام حامد، همام بدراوى زيدان، السيد السيد محمود البحيرى
250 _aط. 1
260 _aالقاهرة :
_bعالم الكتب،
_c2008.
300 _a269 ص. :
_bايض ؛
_c24 سم.
504 _aيشتمل على ارجاعات ببليوجرافية
650 0 7 _2qrmak
_aالتعليم الجامعى
650 0 7 _2qrmak
_aالتعليم الجامعى
_xتمويل
651 _2qrmak
700 0 _aهمام بدراوى زيدان
_eمؤلف مشارك
700 0 _aالسيد السيد محمود البحيرى
_eمؤلف مشارك
942 _2ddc
_cBK
999 _c66325
_d66325